Rekonštrukcia systému zavesenia podvozku vozidla pomocou 3D skenovaných dát

Salvato in:
Dettagli Bibliografici
Autore principale: Michalovič, Dominik (Autore)
Altri autori: Milesich, Tomáš (Relatore della tesi)
Natura: Manoscritto Libro
Lingua:slovacco
Pubblicazione: 2025
Soggetti:
Accesso online:http://is.stuba.sk/zp/portal_zp.pl?podrobnosti=176457
Tags: Aggiungi Tag
Nessun Tag, puoi essere il primo ad aggiungerne!!

MARC

LEADER 00000ntm a22000003a 4500
001 stuzp106411
003 SK-STU
005 20250628213046.7
007 ta
008 150427s2015----xo-----f-mn---000-0-slo-d
040 |a STU  |b slo 
041 0 |a slo 
100 1 |a Michalovič, Dominik  |u 020030  |4 aut  |U SjF Strojnícka fakulta  |T SjF Ústav automobilového inžinierstva a konštruovania  |X 121691  |U J0030  |Y 806  |7 121691 
242 0 1 |a Reconstruction of the Vehicle Suspension System Using 3D Scanned Data  |y eng 
245 1 0 |a Rekonštrukcia systému zavesenia podvozku vozidla pomocou 3D skenovaných dát 
260 |c 2025 
650 4 |a optický 3D sken  |2 slo 
650 4 |a podvozkový mechanizmus  |2 slo 
650 4 |a geometria podvozku  |2 slo 
650 4 |a optical 3D scanning  |2 eng 
650 4 |a vehicle undercarriage  |2 eng 
650 4 |a geometry of undercarriage  |2 eng 
700 1 |a Milesich, Tomáš  |u 020030  |k Z1  |4 ths  |U SjF Strojnícka fakulta  |T SjF Ústav automobilového inžinierstva a konštruovania  |X 49630  |U J0030  |Y 806  |7 A000049630 
856 4 |u http://is.stuba.sk/zp/portal_zp.pl?podrobnosti=176457